000 00334nam a2200109 a 4500
005 20201002045501.0
008 140718s2012 000 spa d
020 _a9789280522617
245 0 _aTratado de Beijing sobre interpretaciones y ejecuciones audiovisuales (2012).
260 _aGinebra -- OMPI,
_c2012 -- 18 p.
999 _c44078
_d44078
040 _aDO-SdBNP